| 000 | 01002cac a22002291u 4500 | ||
|---|---|---|---|
| 090 | _c4263 | ||
| 008 | 090113t 2000xxu||||| |||| 00| 0 eng d | ||
| 010 | _a 00551915 | ||
| 020 | _a047133166X | ||
| 082 | 0 | 0 |
_a650.072 _bSEK |
| 100 | _aSekaran, Uma. | ||
| 245 | 1 | 0 |
_aResearch methods for business : _ba skill-building approach / _cUma Sekaran. |
| 250 | _a3rd ed. | ||
| 260 |
_aNew York : _bJ. Wiley, _cc2000. |
||
| 300 |
_axiii, 463 p. : _bill. ; _c25 cm. |
||
| 504 | _aIncludes bibliographical references (p. 436-441) and index. | ||
| 650 | 0 |
_aBusiness _xResearch _xMethodology. |
|
| 856 | 4 |
_3Table of Contents only _uhttp://www.loc.gov/catdir/toc/onix03/00551915.html |
|
| 856 | 4 |
_3Publisher description _uhttp://www.loc.gov/catdir/enhancements/fy0611/00551915-d.html |
|
| 942 |
_cBB _k650.072SEK _2ddc |
||
| 999 |
_c4263 _d4263 |
||